Città più popolose del Mondo - Statistics

Statistiche generali
  • Questo quiz è stato fatto 349 volte
    123 dall'ultimo reset
  • Il punteggio medio è 13 su 20
Statistiche sulle risposte
Popolazione Nazione Città % Corretto
39 105 000 Indonesia Tokyo
99%
21 893 095 Messico Pechino
81%
20 076 000 Vietnam Il Cairo
79%
18 800 000 Thailandia Mosca
78%
23 582 649 Brasile New York
77%
35 386 000 India Giacarta
76%
25 514 000 Stati Uniti Seul
76%
41 354 149 Giappone Shanghai
75%
28 250 000 India Manila
69%
21 804 515 Cina Città del Messico
68%
17 573 000 India Bangkok
66%
31 870 000 Filippine Delhi
63%
27 100 000 Corea del Sud Mumbai
61%
22 478 000 Cina Dacca
59%
21 000 534 Egitto Lagos
58%
22 495 000 Bangladesh San Paolo
58%
19 303 000 Russia Osaka
49%
19 795 895 Giappone Hanoi
46%
21 489 000 Nigeria Canton
20%
22 251 500 Cina Chongqing
10%
Nessun quiz corrispondente trovato
Distribuzione punteggi
Percentuale di utenti per punteggio
Percentile per numero di risposta
I tuoi punteggi nel tempo
Non hai fatto questo quiz dall'ultimo reset